| 000 | 00982 a2200229 4500 | ||
|---|---|---|---|
| 001 | 41209 | ||
| 005 | 20260407155706.0 | ||
| 008 | 260407a1995 arg spa d | ||
| 003 | AR-UNSa-BCEJYS | ||
| 040 |
_aAR-UNSa-BCEJYS _bspa _cAR-UNSa-BCEJYS |
||
| 080 |
_a343.359 _xDelitos contra el fisco y otras autoridades administrativas (Derecho Penal Tributario, Delitos fiscales) |
||
| 245 | 1 | 0 | _aRégimen penal tributario y previsional |
| 020 | _a950-894-010-7 | ||
| 264 | 1 |
_aBuenos Aires : _bAD-HOC _c1995 |
|
| 300 |
_a263 p. _c22 cm. |
||
| 505 | _a1. Potestad tributaria – 2. Potestad legislativa en materia penal – 3. Ámbito de aplicación – 4. Ley 23.771 y códigos fiscales – 5. Nuevo régimen penal tributario y previsional – 6. Bien jurídico. | ||
| 041 | _aspa | ||
| 942 | _cBK | ||
| 590 | _aniveau_biblio:m niveau_hierar:0 | ||
| 100 | 1 | _aThomas, Ricardo G. | |
| 856 | 4 | 1 |
_uhttps://biblioeco.unsa.edu.ar/pmb/images/libros/L126445.jpg _yImagen de portada _qimage/jpeg |
| 999 |
_c3422 _d3422 |
||